000 00251nam a2200097Ia 4500
001 965758
005 20250826220252.0
008 250824s9999 xx 000 0 und d
245 0 _aCEMİL MERİÇİN RÜYASI
_cMUSTAFA ARMAĞAN
260 _bKETEBE YAYINLARI
999 _c965758
_d965758